Music Quiz

Random Music or Kpop Quiz

A-Z of Cube [Audio] Quiz Stats

 Plays Quiz not verified by Sporcle

Challenge
Share
Tweet
Score 0/25 Timer 10:00
0 Plays Today
Hint Song % Correct
TTroublemaker
82.5%
RRed
81.5%
NNoNoNo
81.1%
WWow
80.8%
#365 Fresh
80.5%
GGorilla
74.7%
PPepe
60.9%
VVolume Up
54.2%
SShadow
52.9%
CCan You Feel It
51.9%
IInsane
51.9%
YYey
51.5%
LLa Song
46.8%
Hint Song % Correct
HHuh (Hit Your Heart)
43.8%
OOn Rainy Days
36.7%
MMa First
33%
BBlack & White
30.6%
FFlower
28.3%
UU You
22.9%
Q (Album)Question
19.5%
KKilling Me
12.5%
EEighteen
10.1%
AApril 19th
6.4%
JJingle Jingle
6.1%
DDay N Night
3.7%

You're not logged in!

Compare scores with friends on all Sporcle quizzes.
OR
Log In

You Might Also Like...

Show Comments

Extras

Created Jul 22, 2017ReportNominate
Tags:Kpop Quiz, Audio Quiz, cube, Kpop Quiz

Top Quizzes Today


Score Distribution

Your Account Isn't Verified!

In order to create a playlist on Sporcle, you need to verify the email address you used during registration. Go to your Sporcle Settings to finish the process.

Report this User

Report this user for behavior that violates our Community Guidelines.

Details: